| 000 | 00778nam a2200277Ia 4500 | ||
|---|---|---|---|
| 003 | OSt | ||
| 005 | 20220918163609.0 | ||
| 006 | a|||||r|||| 00| 0 | ||
| 007 | ta | ||
| 008 | 220917b |||||||| |||| 00| 0 eng d | ||
| 020 | _a019283827X | ||
| 024 | _a226,676 | ||
| 037 | _cTextual | ||
| 040 |
_aARTS _cARTS _beng |
||
| 041 |
_2eng _aeng |
||
| 082 | _aO122,2K39x, 111P1 | ||
| 100 |
_aRacine Jean _914075 |
||
| 245 | 0 | _aBritannicus phaedra athaliah | |
| 260 |
_aOxford _bOxford University Press _c2001 |
||
| 300 |
_axix, 209p. _ccm. |
||
| 490 | _aOxford world's classics | ||
| 650 | _aENGLISH LITERATURE | ||
| 700 |
_a Sisson C.H. Tr. _914076 |
||
| 942 |
_hO122,2K39x, 111P1 _cTEXL _2CC |
||
| 999 |
_c120354 _d120354 |
||